000 01180cam a22003251i 4500
003 SA-RiAUC
005 20241015064240.0
008 241013s2001 ua g 000 0 ara c
020 _z9776727936
040 _aJO-AmJU
_bara
_cSA-RiAUC
_erda
041 1 _aara
_hund
043 _aar-----
050 4 _b.B47 2001
082 0 4 _a915.3
_qSA-RiAUC
090 _a915.3
_bب ي ر
100 1 _aبيربي، جان-جاك،
_d1927-2013
_eمؤلف.
245 1 0 _aجزيرة العرب /
_cجان جاك بيربي ؛ ترجمة نجدة هاجر، سعيد الغز.
250 _aالطبعة الأولى.
264 1 _aالقاهرة :
_bدار الآفاق العربية،
_c2001
300 _a303 صفحة ؛
_c24 سم
336 _aنص
_btxt
_2rdacontent
_3كتاب
337 _aبدون وسيط
_bn
_2rdamedia
338 _aمجلد
_bnc
_2rdacarrier
504 _aيشتمل على ببليوجرافية.
651 7 _aشبه الجزيرة العربية
_xتاريخ
_2aucsh
700 1 _aهاجر، نجدة،
_d1919-1975
_eمترجم.
700 1 _aالغز، سعيد
_eمترجم.
942 _2ddc
_cBOOK
_n0
949 _aSA-JeALM
_d241013
_umohamedma123
_n1
999 _c1322
_d1322